Chaudhary Charan Singh Int. Airport Destinations (Lucknow, India) - Statistics

General Stats
  • This quiz has been taken 30 times
    18 since last reset
  • The average score is 19 of 35
Answer Stats
Airline Destination % Correct
IndiGo Ahmedabad
100%
IndiGo Kolkata
100%
Air India Express/Akasa Air/IndiGo Bangalore
86%
Thai AirAsia Bangkok (Don Mueang)
86%
Air India Express Bangkok (Suvarnabhumi)
86%
Air India/Air India Express/Alliance Air/IndiGo Delhi
86%
Air India Express/flydubai Dubai (International)
86%
Air India Express/IndiGo/Star Air Hyderabad
86%
Air India/Air India Express/Akasa Air/IndiGo Mumbai
86%
IndiGo Chennai
71%
IndiGo Jaipur
71%
Saudia Jeddah
71%
Oman Air/SalamAir Muscat
71%
Air India Express/IndiGo Pune
71%
flynas Riyadh
71%
Air India Express Bhubaneswar
57%
flynas/IndiGo Dammam
57%
IndiGo Goa (Mopa)
57%
IndiGo Guwahati
57%
IndiGo Srinagar
57%
IndiGo Abu Dhabi
43%
IndiGo Bhopal
43%
IndiGo Chandigarh
43%
IndiGo Dehradun
43%
IndiGo Indore
43%
AirAsia Kuala Lumpur (International)
43%
IndiGo Patna
43%
Star Air Jharsuguda
29%
Star Air Kishangarh
29%
IndiGo Raipur
29%
IndiGo Sharjah
29%
FlyBig Azamgarh
0%
FlyBig Chitrakoot
0%
FlyBig Moradabad
0%
FlyBig Shravasti
0%
No matching quizzes found
Score Distribution
Percent of People with Each Score
Percentile by Number Answered
Your Score History
You have not taken this quiz since the last reset